| 000 | 00921nam0a22002651 4500 | ||
|---|---|---|---|
| 001 | rc\1132009 | ||
| 005 | 20260408063714.0 | ||
| 035 | _a(NLR Aleph) 006373372 | ||
| 090 |
_a5017885 _c5017885 |
||
| 100 | _a20041126d1981 |||y0rusy50 ca | ||
| 101 | 0 | _arus | |
| 102 | _aRU | ||
| 105 | _aa ||||||||| | ||
| 200 | 1 | _aШтурманское и радионавигационное оборудование моделей судов и кораблей | |
| 210 |
_aМ. _cБ. и. _d1981 |
||
| 215 |
_a18 с. _cил. _d20 |
||
| 300 | _aАвт. указан в конце текста | ||
| 300 | _aВ надзаг.: Центр. мор. клуб ДОСААФ СССР | ||
| 700 | 1 |
_aОжигов _bВ. |
|
| 712 | 0 | 2 |
_aЦентральный морской клуб _cМосква _3RU\NLR\AUTH\8810036096 _9570756 |
| 801 | 0 |
_aRU _bNLR _gpsbo |
|
| 801 | 1 |
_aRU _bELAR _2rusmarc |
|
| 852 |
_aNLR _j81-4/23511 |
||
| 942 | _cBOOK | ||
| 980 | _aNB | ||